| 000 | 00509nam a22001697a 4500 | ||
|---|---|---|---|
| 003 | CEME | ||
| 005 | 20210628203544.0 | ||
| 008 | 210119b xxu||||| |||| 00| 0 eng d | ||
| 040 | _c. | ||
| 082 | _a923.15491 SIN | ||
| 100 |
_aSingh, Jaswant, Jaswant Singh _966229 |
||
| 245 | _aJinnah, india- partition- independence | ||
| 260 |
_aNEW DELHI _bRUPA AND CO _c2009 |
||
| 300 | _aXV, 320P | ||
| 650 |
_aBIRTH OF PAKISTAN.QUAID-E-AZAM'S LAST JOURNEY.JINNAH FIRST PRESIDENTIAL ADDRESS _966230 |
||
| 942 |
_cBK _2ddc |
||
| 999 |
_c574224 _d574224 |
||